000 00666nam a2200241Ia 4500
003 OSt
005 20220918213714.0
006 a|||||r|||| 00| 0
007 ta
008 220917b |||||||| |||| 00| 0 eng d
024 _a133,881
037 _cTextual
040 _aARTS
_cARTS
_beng
041 _2eng
_aeng
082 _aX:87, K81 (RR)
100 _aKoch H William
_9128043
245 0 _aExecutive success
_b how to achieve it how to hold it
260 _aEnglewood
_bCliffs Prentice Hall
_c1968
300 _axvii,304p.
_ccm.
650 _aECONOMICS
942 _hX:87, K81 (RR)
_cTEXL
_2CC
999 _c256988
_d256988